000 00677nam a2200229 a 4500
001 BRCA_5079
005 20190320204929.0
008 820908s1957 sp-a######---#000-0#spa-#
041 _aspa
044 _asp
050 4 _aND813
_b.G69 1957
245 1 0 _aGoya
_cintroducción por F. J. Sánchez Cantón.
260 _aBarcelona, España
_bEdart
_c[1957]
300 _a8 p.
_bil., 12 láminas
_c36 cm.
440 0 _aEl tesoro artístico de España
_v3
_912949
500 _aEstado físico: Sobrecubierta deteriorada
500 _aDD34
600 1 4 _aGoya, Francisco
_d1746-1828
_92150
700 1 _aSánchez Cantón, F. J.
_d1891-1971
_912950
902 _aGFM
942 _2lcc
_cB
999 _c4773
_d4773